All 2 Chainz Songs - Statistics

General Stats
  • This quiz has been taken 60 times
    37 since last reset
  • The average score is 69 of 295
Answer Stats
Album Song % Correct
Based on a T.R.U. Story Birthday Song
59%
Pretty Girls 👍 TRΛP MUSIC It's a Vibe
59%
Based on a T.R.U. Story I'm Different
56%
Pretty Girls 👍 TRΛP MUSIC 4 AM
52%
Kanye West Presents: Good Music - Cruel Summer Mercy
48%
Based on a T.R.U. Story No Lie
48%
Felt Like Cappin Felt Like Cappin
44%
Codeine Cowboy | Daniel Son; Necklace Don | T.R.U. REALigion | Trap-A-Velli Intro
44%
Black Panther: The Album X
44%
All Ice on Me All Ice on Me Interlude
41%
Me Against the World | Me Against the World 2: Codeine Withdrawal | Trap-A-Velli 2 (The Residue) Outro
41%
B.O.A.T.S. II: Me Time Feds Watching
37%
Freebase FREEBASE
37%
Me Against the World Interlude
37%
Me Against the World Interlude (Lingo)
37%
Fast & Furious 6: Original Motion Picture Soundtrack We Own It (Fast & Furious)
37%
Pretty Girls 👍 TRΛP MUSIC Blue Cheese
33%
Trapavelli Tre El Chapo Jr.
33%
Hibachi for Lunch Good Drank
33%
Rap or Go to the League Momma I Hit a Lick
33%
Rap or Go to the League Rule the World
33%
Pretty Girls 👍 TRΛP MUSIC Saturday Night
33%
T.R.U. REALigion Undastatement
33%
ColleGrove | Trapavelli Tre Watch Out
33%
Based on a T.R.U. Story Yuck!
33%
Pretty Girls 👍 TRΛP MUSIC Bailan
30%
So Help Me God! Can't Go for That
30%
Freebase Crib in My Closet
30%
So Help Me God! Feel a Way
30%
B.O.A.T.S. II: Me Time Fork
30%
So Help Me God! Grey Area
30%
Rap or Go to the League High Top Versace
30%
T.R.U. REALigion Kesha
30%
T.R.U. REALigion` K.O.
30%
Based on a T.R.U. Story Like Me
30%
Dope Don't Sell Itself Million Dollars Worth of Game
30%
Dope Don't Sell Itself Neighbors Know My Name
30%
Trap-A-Velli Pimp
30%
Dope Don't Sell Itself Pop Music
30%
So Help Me God! Quarantine Thick
30%
T.R.U. REALigion Slangin Birds
30%
Rap or Go to the League Whip
30%
Dope Don't Sell Itself 10 Bracelets
26%
B.O.A.T.S. II: Me Time 36
26%
T.R.U. REALigion Addicted to Rubberbands
26%
Trapavelli Tre A Milli Billi Trilli
26%
Daniel Son; Necklace Don Big Amount
26%
ColleGrove Blue C-Note
26%
Trap-A-Velli 2 (The Residue) Boo
26%
Cruel Winer Champions
26%
Based on a T.R.U. Story Countdown
26%
Based on a T.R.U. Story Crack
26%
Hibachi for Lunch Doors Open
26%
Based on a T.R.U. Story Dope Peddler
26%
Daniel Son; Necklace Don Ghetto
26%
T.R.U. REALigion Got One
26%
ColleGrove Gotta Lotta
26%
B.O.A.T.S. II: Me Time I Do It
26%
T.R.U. REALigion I Got It
26%
Based on a T.R.U. Story I Luv Dem Strippers
26%
Based on a T.R.U. Story In Town
26%
Dope Don't Sell Itself Kingpen Ghostwriter
26%
Trap-A-Velli 2 (The Residue) Kitchen
26%
Trap-A-Velli Lamborghini
26%
T.R.U. REALigion Letter to da Rap Game
26%
T.R.U. REALigion Money Makin Mission
26%
T.R.U. REALigion Murder
26%
Rap or Go to the League NCAA
26%
Trapavelli Tre Neighborhood
26%
B.O.A.T.S. II: Me Time Netflix
26%
Pretty Girls 👍 TRΛP MUSIC OG Kush Diet
26%
T.R.U. REALigion One Day at a Time
26%
Daniel Son; Necklace Don Ounces Back
26%
Dope Don't Sell Itself Outstanding
26%
All Ice on Me Pimps
26%
Based on a T.R.U. Story | T.R.U. REALigion Riot
26%
Pretty Girls 👍 TRΛP MUSIC Rolls Royce B***h
26%
ColleGrove Smell Like Money
26%
Codeine Cowboy Spend It
26%
Freebase Trap Back
26%
T.R.U. REALigion Turn Up
26%
B.O.A.T.S. II: Me Time U Da Realest
26%
Trap-A-Velli 2 (The Residue) Up in Smoke
26%
B.O.A.T.S. II: Me Time Used 2
26%
T.R.U. REALigion Vi-Agra
26%
B.O.A.T.S. II: Me Time Where U Been?
26%
ColleGrove 100 Joints
22%
Daniel Son; Necklace Don 1 Yeezy Boot
22%
B.O.A.T.S. II: Me Time Beautiful Pain
22%
ColleGrove Bentley Truck
22%
Dope Don't Sell Itself Bet It Back
22%
Trap-A-Velli 2 (The Residue) Between Me and U
22%
Trapavelli Tre BFF
22%
Trapavelli Tre Big Meech Era
22%
B.O.A.T.S. II: Me Time Black Unicorn
22%
Daniel Son; Necklace Don Blessing
22%
Trapavelli Tre Blue Dolphin
22%
ColleGrove Bounce
22%
Pretty Girls 👍 TRΛP MUSIC Burglar Bars
22%
Codeine Cowboy Call Teisha
22%
Dope Don't Sell Itself Caymans
22%
Trap-A-Velli 2 (The Residue) Check Me Out
22%
Daniel Son; Necklace Don Chirp
22%
Codeine Cowboy Cowboy
22%
ColleGrove Dedication
22%
Trap-A-Velli 2 (The Residue) Doin Me Daily
22%
Freebase Don't Do It
22%
Pretty Girls 👍 TRΛP MUSIC Door Swangin
22%
B.O.A.T.S. II: Me Time Employee of the Month
22%
Trapavelli Tre Everything I Know
22%
B.O.A.T.S. II: Me Time Extra
22%
Based on a T.R.U. Story Extremely Blessed
22%
Codeine Cowboy Feeling You
22%
Trap-A-Velli 2 (The Residue) F**k the Roof
22%
Freebase Flexin' on my Baby Mama
22%
Dope Don't Sell Itself Free B.G.
22%
So Help Me God! Free Lighter
22%
Me Against the World Freestyle
22%
Me Against the World Fruity Jeans
22%
Codeine Cowboy Gasolean
22%
Trap-A-Velli 2 (The Residue) Get It In
22%
Me Against the World Get It Then
22%
Daniel Son; Necklace Don Get Out the Bed
22%
Based on a T.R.U. Story Ghetto Dreams
22%
Trapavelli Tre Goat
22%
Trap-A-Velli 2 (The Residue) Goin Thru It
22%
Codeine Cowboy Goodnight
22%
Me Against the World Grew Up a Screw Freestyle
22%
Hibachi for Lunch Here We Go Again
22%
Trap-A-Velli How We Livin
22%
Trap-A-Velli 2 (The Residue) Hurry Quick
22%
Trap-A-Velli 2 (The Residue) I Been Hustlin
22%
Based on a T.R.U. Story I Feel Good
22%
Trapavelli Tre I Feel Like
22%
Me Against the World I Feel Sorry
22%
Trapavelli Tre If I Didn't Rap
22%
Dope Don't Sell Itself If You Want Me To
22%
Trap-A-Velli I'm Raw
22%
Trap-A-Velli 2 (The Residue) Issues
22%
Me Against the World Just Got a Check
22%
Trap-A-Velli 2 (The Residue) Juug
22%
Daniel Son; Necklace Don Kilo
22%
Codeine Cowboy Lala
22%
Trapavelli Tre Lapdance in the Trap House
22%
B.O.A.T.S. II: Me Time Live and Learn (It Will)
22%
Me Against the World Live from the Southside Intro
22%
B.O.A.T.S. II: Me Time Living
22%
Me Against the World 2: Codeine Withdrawal Lo Bootz
22%
Dope Don't Sell Itself Lost Kings
22%
Felt Like Cappin MF'N Right
22%
Me Against the World Million Dollar Habits
22%
Based on a T.R.U. Story Money Machine
22%
So Help Me God! Money Maker
22%
Me Against the World More Dope, More Cash
22%
Me Against the World My Life
22%
Trap-A-Velli My Nigg
22%
Felt Like Cappin Not Invited
22%
B.O.A.T.S. II: Me Time Outroduction
22%
Pretty Girls 👍 TRΛP MUSIC Poor Fool
22%
The Play Don't Care Who Makes It Proud
22%
Pretty Girls 👍 TRΛP MUSIC Realize
22%
Codeine Cowboy Riding Thru Clouds
22%
Codeine Cowboy Role Model
22%
ColleGrove Rolls Royce Weather Everyday
22%
Rap or Go to the League Sam
22%
So Help Me God! Save Me
22%
ColleGrove Section
22%
Me Against the World Shout Outs
22%
Pretty Girls 👍 TRΛP MUSIC Sleep When U Die
22%
So Help Me God! Southside Hov
22%
B.O.A.T.S. II: Me Time So We Can Live
22%
Codeine Cowboy Stand Still
22%
Trapavelli Tre Starter Kit
22%
Based on a T.R.U. Story Stop Me Now
22%
T.R.U. REALigion Stunt
22%
Trap-A-Velli Stupid
22%
Me Against the World Tell It Like It Is
22%
Me Against the World The Last Real N***as Interlude
22%
Freebase They Know
22%
Trap-A-Velli 2 (The Residue) Tity Boi Swag
22%
So Help Me God! Toni
22%
Codeine Cowboy Too Easy
22%
Me Against the World Transaction
22%
Pretty Girls 👍 TRΛP MUSIC Trap Check
22%
Me Against the World U Feel Me
22%
Me Against the World Undeniable
22%
Dope Don't Sell Itself Vlad TV
22%
So Help Me God! Wait for You to Die
22%
ColleGrove What Happened
22%
Freebase Wuda Cuda Shuda
22%
Based on a T.R.U. Story Wut We Doin?
22%
Daniel Son; Necklace Don You in Luv Wit Her
22%
So Help Me God! Ziploc
22%
All Ice on Me 24/7
19%
Rap or Go to the League 2 Dollar Bill
19%
Newer Single 2 Step
19%
So Help Me God! 55 Times
19%
All Ice on Me Album on the Way Interlude
19%
Single #2 Alive
19%
All Ice on Me Alot of Hoes
19%
Felt Like Cappin Back on the Bullsh*t
19%
Single #4 Bigger than You
19%
No Face No Case Brick on My Face
19%
All Ice on Me Car Go Fast
19%
New Single Cater
19%
Hibachi for Lunch Countin
19%
Hibachi for Lunch Day Party
19%
Hibachi for Lunch Diamonds Talkin Back
19%
Trapavelli Tre Each Erry One of Em
19%
All Ice on Me End of the Line Interlude
19%
No Face No Case Fake Beef
19%
Rap or Go to the League Forgiven
19%
No Face No Case Georgia
19%
Rap or Go to the League Girl's Best Friend
19%
No Face No Case G-Wagon
19%
Trapavelli Tre Halo (Letter from My Unborn Son)
19%
All Ice on Me Heavy Wrist Activity
19%
All Ice on Me Hold Up
19%
No Face No Case How I Feel (Remix)
19%
All Ice on Me I Been Rich
19%
Rap or Go to the League I'm Not Crazy, Life Is
19%
Rap or Go to the League I Said Me
19%
No Face No Case Jefe Sh*t
19%
So Help Me God! Lambo Wrist
19%
The Play Don't Care Who Makes It Land of the Freaks
19%
All Ice on Me Lean Freestyle
19%
Hibachi for Lunch Lil Baby
19%
Felt Like Cappin Mindin' My Business
19%
Rap or Go to the League Money in the Way
19%
T.R.U. Jack City Natural
19%
All Ice on Me Never
19%
No Face No Case New Levels New Devils
19%
T.R.U. Jack City Part 2
19%
No Face No Case Pop Off
19%
All Ice on Me Pussy Rehab
19%
No Face No Case Reliable
19%
All Ice on Me Rich Mans World
19%
No Face No Case Rock Out
19%
All Ice on Me Sak Right
19%
No Face No Case Shoot It Out
19%
Rap or Go to the League Statue of Limitations
19%
Me Against the World Stop Playin
19%
Felt Like Cappin This Me, F**k It
19%
Rap or Go to the League Threat 2 Society
19%
All Ice on Me Tryn
19%
So Help Me God! Vampire
19%
No Face No Case Virgil Discount
19%
No Face No Case Vote
19%
No Face No Case What's Going On
19%
All Ice on Me Winnin
19%
No Face No Case Woo
19%
So Help Me God! YRB
19%
Single 2nd to None
15%
D-Day: A Gangsta Grillz Mixtape Barry from Simpson
15%
Me Against the World 2: Codeine Withdrawal Billionaire Interlude
15%
Me Against the World 2: Codeine Withdrawal Bills to Pay
15%
Me Against the World 2: Codeine Withdrawal Can't Be Broke
15%
Single #6 Dead Man Walking
15%
Trapavelli Tre DJ Bigga Rankin Intro
15%
Codeine Cowboy DJ Drama Checks In
15%
Me Against the World 2: Codeine Withdrawal Gettin to the Money
15%
Me Against the World 2: Codeine Withdrawal Go & Get It
15%
Single #5 Hot Wings
15%
T.R.U. Jack City How It Feel
15%
T.R.U. REALigion I'm Tity Boi
15%
The Play Don't Care Who Makes It Lamborghini Truck (Atlanta Sh*t)
15%
Me Against the World 2: Codeine Withdrawal Neva Had
15%
Me Against the World 2: Codeine Withdrawal Not Ya Ordinary
15%
The Play Don't Care Who Makes It OK B***h
15%
Me Against the World 2: Codeine Withdrawal Real As They Come
15%
T.R.U. Jack City Road Dawg
15%
Me Against the World 2: Codeine Withdrawal She Can't Do It
15%
Single #3 Smartphone
15%
Me Against the World 2: Codeine Withdrawal So Cold
15%
T.R.U. Jack City Someone to Love
15%
Me Against the World 2: Codeine Withdrawal Streets Bought Me
15%
T.R.U. REALigion The Real University
15%
Me Against the World 2: Codeine Withdrawal Turnt Up Freestyle
15%
Me Against the World 2: Codeine Withdrawal Wall Money
15%
Me Against the World 2: Codeine Withdrawal Codeine Withdrawal Interlude
11%
Me Against the World 2: Codeine Withdrawal Game Time
11%
B.O.A.T.S. II: Me Time Mainstream Racket
11%
Me Against the World 2: Codeine Withdrawal My Everythang
11%
Codeine Cowboy Pimps (Remix)
11%
T.R.U. REALigion Spend It (Remix)
11%
D-Day: A Gangsta Grillz Mixtape Ghetto Gods Freestyle
7%
Creed II: The Album Kill 'Em with Success
7%
Pretty Girls 👍 TRΛP MUSIC Riverdale Red
7%
No matching quizzes found
Score Distribution
Percent of People with Each Score
Percentile by Number Answered
Your Score History
You have not taken this quiz since the last reset